000 00841nam a2200241Ia 4500
003 OSt
005 20220923212706.0
006 a|||||r|||| 00| 0
007 ta
008 220922b |||||||| |||| 00| 0 hin d
024 _a155,325
037 _cTextual
040 _aARTS
_cARTS
_bhin
041 _2hin
_ahin
082 _aO15:1GKA:1, 152K5
100 _aकविराजपंडित
_9156945
245 0 _aराघवपांडवीयम्, व्या सुबोधिनी दामोदर झा
246 _aRāghavapāanḍavīyam, vyā0 subodhinī dāmodar zā
260 _c1965
490 _aविद्याभवन संस्कृत ग्रंथमाला; 128
942 _hO15:1GKA:1, 152K5
_cTEXL
_2CC
999 _c310869
_d310869